Methodes numeriques
Saved in:
| Main Author: | |
|---|---|
| Format: | Book |
| Language: | French |
| Published: |
Paris :
Hermann,
c1969
|
| Series: | Collection Enseignement des sciences ;
; 12 |
| Subjects: | |
| Tags: |
Add Tag
No Tags, Be the first to tag this record!
|
MARC
| LEADER | 00000cam a2200000 i 4500 | ||
|---|---|---|---|
| 001 | 1/105533 | ||
| 008 | 090526s1969 fre d | ||
| 035 | |l 10104865 | ||
| 040 | |a GR-MY-UA |b gre |e aacr | ||
| 041 | 0 | |a fre | |
| 082 | 0 | |a 512 |2 (22) | |
| 100 | 1 | |a Kuntzmann, Jean, |d 1912-1992. | |
| 245 | 1 | 0 | |a Methodes numeriques / |c Jean Kuntzmann |
| 260 | |a Paris : |b Hermann, |c c1969 | ||
| 300 | |a 191 σ.; |b σχέδια; |c 23 εκ. | ||
| 490 | 1 | |a Collection Enseignement des sciences |v ; 12 | |
| 504 | |a Περιέχει ευρετήριο | ||
| 650 | 0 | 0 | |a Numerical analysis. |
| 830 | 0 | |a Collection Enseignement des sciences ; |v ; 12 | |
| 852 | |a INST |b SAMOS |c MAG |e 20090526 |h 519.4 KUN |p 005300028631 |q 005300028631 |t BK |y 0 | ||
| 901 | |a BIBL3-2009-2 | ||
| 909 | |a Σ |b 158022 | ||
| 970 | |a ΡΟΥΣΣΟΥ |b ΚΩΝΣΤΑΝΤΙΝΑ |z 2009/05/26 | ||